[Event "Sao Paulo Hebraica op 17th"]
[Site "Sao Paulo"]
[Date "2014.01.11"]
[Round "3"]
[White "Vallejos, Jose Antonio"]
[Black "De Oliveira, Francemir Barra"]
[Result "1-0"]
[WhiteElo "1956"]
[BlackElo "1801"]
[PlyCount "75"]
[EventDate "2014.01.09"]
[EventType "swiss"]
[EventRounds "6"]
[EventCountry "BRA"]
[SourceTitle "CBM 158 Extra"]
[Source "ChessBase"]
[SourceDate "2014.02.28"]
[SourceVersion "1"]
[SourceVersionDate "2014.02.28"]
[SourceQuality "1"]

1. c4 e5 2. d3 Nf6 3. g3 Bc5 4. Bg2 c6 5. Nc3 a6 6. Nf3 Ng4 7. 0-0 d6 8. a3 h5 9. h4 0-0 10. b4 Bb6 11. Qc2 f5 12. e3 Bc7 13. Ng5 Rf6 14. Bb2 Nd7 15. d4 Nf8 16. Ne2 Bd7 17. c5 Ng6 18. cxd6 Bxd6 19. dxe5 N6xe5 20. Nf4 Qe8 21. Rad1 Rd8 22. Rd2 g6 23. Rfd1 Qe7 24. Bd4 Bc7 25. Bc5 Qe8 26. Bf1 Kg7 27. Bd4 Kh6 28. Bc4 Rf8 29. Bc5 Rf6 30. Bd4 Rf8 31. Bb3 Bd6 32. Bb6 Be7 33. Bxd8 Bxd8 34. Rxd7 Nxd7 35. Nfe6 Bb6 36. Rxd7 Qxd7 37. Nxf8 Qd6 38. Nf7+ 1-0

[Event "Sao Paulo Hebraica op 17th"]
[Site "Sao Paulo"]
[Date "2014.01.09"]
[Round "1"]
[White "Vallejos, Jose Antonio"]
[Black "Desideri, Ricardo Maruchi"]
[Result "0-1"]
[WhiteElo "1956"]
[BlackElo "1843"]
[PlyCount "52"]
[EventDate "2014.01.09"]
[EventType "swiss"]
[EventRounds "6"]
[EventCountry "BRA"]
[SourceTitle "CBM 158 Extra"]
[Source "ChessBase"]
[SourceDate "2014.02.28"]
[SourceVersion "1"]
[SourceVersionDate "2014.02.28"]
[SourceQuality "1"]

1. b4 e5 2. a3 d5 3. Bb2 Bd6 4. g3 Nf6 5. Bg2 Bf5 6. d3 c6 7. Nf3 Nbd7 8. Nbd2 Qe7 9. 0-0 0-0 10. Nh4 Bg4 11. h3 Be6 12. c4 e4 13. c5 Bc7 14. dxe4 dxe4 15. Nxe4 Nxe4 16. Bxe4 Bxh3 17. Qc2 Nf6 18. Bg2 Bg4 19. Rfe1 Rfe8 20. Rad1 Ne4 21. Rd4 Nxf2 22. Rf1 Qe3 23. Qc3 Nd3+ 24. Kh1 Qxg3 25. Nf3 Bxf3 26. Rd6 Qxg2# 0-1

[Event "BRA-ch Amateur"]
[Site "Sao Paulo"]
[Date "2011.03.06"]
[Round "3"]
[White "Da Silva, Emerson Soares"]
[Black "Vallejos, Jose Antonio"]
[Result "1-0"]
[WhiteElo "1777"]
[BlackElo "1956"]
[PlyCount "91"]
[EventDate "2011.03.05"]
[EventType "swiss"]
[EventRounds "7"]
[EventCountry "BRA"]
[SourceTitle "EXT 2014"]
[Source "ChessBase"]
[SourceDate "2013.11.20"]
[SourceVersion "1"]
[SourceVersionDate "2013.11.20"]
[SourceQuality "1"]

1. d4 Nf6 2. c4 c5 3. Nf3 cxd4 4. Nxd4 g6 5. b3 Bg7 6. Bb2 d6 7. e3 0-0 8. Be2 Nc6 9. 0-0 Re8 10. Nc3 Bd7 11. Bf3 Qc8 12. Qe2 Ne5 13. Bd5 Nxd5 14. Nxd5 Bg4 15. f3 Bd7 16. Nb5 Bxb5 17. cxb5 Qd7 18. f4 Ng4 19. Bxg7 Kxg7 20. b6 Nf6 21. Nc7 axb6 22. Nxe8+ Qxe8 23. e4 Ra5 24. e5 dxe5 25. fxe5 Nd5 26. e6 f6 27. Qd2 Qc6 28. b4 Ra3 29. Rad1 Ne3 30. Rf3 Nc4 31. Qd7 Rxf3 32. Qxc6 bxc6 33. gxf3 f5 34. Rc1 b5 35. a4 Kf6 36. a5 Kxe6 37. a6 Kd5 38. Rxc4 bxc4 39. a7 c3 40. a8Q Kc4 41. Qxc6+ Kxb4 42. Kf2 Kb3 43. Ke2 Kc2 44. Qa4+ Kb2 45. Kd3 e5 46. Qb4+ 1-0

[Event "Campinas IRT LCX 09th"]
[Site "Campinas"]
[Date "2008.07.15"]
[Round "11"]
[White "Da Silva, Giovanni Bellotti"]
[Black "Vallejos, Jose Antonio"]
[Result "1/2-1/2"]
[WhiteElo "1832"]
[BlackElo "2015"]
[PlyCount "61"]
[EventDate "2008.07.15"]
[EventType "tourn"]
[EventRounds "11"]
[EventCountry "BRA"]
[SourceTitle "EXT 2022"]
[Source "ChessBase"]
[SourceDate "2021.10.06"]
[SourceVersion "1"]
[SourceVersionDate "2021.10.06"]
[SourceQuality "1"]

1. d4 d5 2. c4 dxc4 3. Nc3 Nf6 4. Nf3 Bf5 5. e3 e6 6. Bxc4 Be7 7. 0-0 c5 8. Qb3 Qb6 9. Qxb6 axb6 10. Bb5+ Nc6 11. Ne5 Rc8 12. Na4 Nd5 13. f3 Bc2 14. b3 cxd4 15. e4 Nc3 16. Nxc3 dxc3 17. Bxc6+ bxc6 18. Be3 Bf6 19. Ng4 Bd3 20. Nxf6+ gxf6 21. Rfd1 Be2 22. Rdc1 c5 23. Rxc3 Ke7 24. Kf2 Ba6 25. g3 Rc6 26. Rac1 Ra8 27. a4 Bb7 28. R1c2 Rcc8 29. h4 h5 30. Ke1 Rg8 31. Rg2 1/2-1/2